Statistiques concernant Pilotes de Formule 1 par pays

Cliquez ici pour prendre le quiz!

Statistiques générales

  • Ce quiz a été pris 6 872 fois
  • Le résultat moyen est 19 sur 26

Statistiques - réponses

PilotePays% Correct
Michael SchumacherAllemagne
99%
Lewis HamiltonRoyaume-Uni
99%
Fernando AlonsoEspagne
97%
Alain ProstFrance
96%
Daniel RicciardoAustralie
95%
Max VerstappenPays-Bas
95%
Ayrton SennaBrésil
93%
Charles LeclercMonaco
92%
Sergio PerezMexique
91%
Kimi RäikkönenFinlande
90%
Gilles VilleneuveCanada
83%
Alberto AscariItalie
81%
Nikita MazepinRussie
81%
Aguri SuzukiJapon
79%
Alexander Albon Thaïlande
79%
Kevin MagnussenDanemark
75%
Nikki LaudaAutriche
73%
Juan Manuel FangioArgentine
71%
Robert KubicaPologne
57%
Juan Pablo MontoyaColombie
50%
Phil HillÉtats-Unis
45%
Jacky IckxBelgique
42%
Ronnie PetersonSuède
29%
Jody ScheckterAfrique du Sud
28%
Clay RegazzoniSuisse
27%
Denny HulmeNouvelle-Zélande
25%

Distribution des résultats

Percentile par nombre de réponses

% des personnes avec chaque résultat

Votre développement - résultats

Vous n’avez pas pris ce quiz